Une révolution en économie politique (Record no. 163496)

MARC details
000 -LEADER
campo de control de longitud fija 00739nam a2200205 i 4500
001 - NÚMERO DE CONTROL
campo de control 163496
003 - IDENTIFICADOR DE NÚMERO DE CONTROL
campo de control ES-MaACL
005 - FECHA Y HORA DE LA ÚLTIMA TRANSACCIÓN
campo de control 20250721062641.0
008 - DATOS DE LONGITUD FIJA--INFORMACIÓN GENERAL
campo de control de longitud fija 050713s1863 fr | |||||||| ||fre d
040 ## - FUENTE DE CATALOGACIÓN
Centro catalogador/agencia de origen CAM
Lengua de catalogación spa
Centro/agencia transcriptor CAM
100 1# - ENTRADA PRINCIPAL--NOMBRE DE PERSONA
Nombre de persona Richelot, Henri.
9 (RLIN) 131795
245 10 - MENCIÓN DEL TÍTULO
Título Une révolution en économie politique
Resto del título : exposé des doctrines de M. Macleon /
Mención de responsabilidad, etc. par Henri Richelot.
260 ## - PUBLICACIÓN, DISTRIBUCIÓN, ETC.
Lugar de publicación, distribución, etc. Paris :
Nombre del editor, distribuidor, etc. Capelle libraire-éditeur,
Fecha de publicación, distribución, etc. 1863 (
Lugar de fabricación/manufactura Corbeil :
Fabricante Typ. et stér. de Crété)
300 ## - DESCRIPCIÓN FÍSICA
Extensión 396 p. ;
Dimensiones 22 cm.
600 14 - PUNTO DE ACCESO ADICIONAL DE MATERIA--NOMBRE DE PERSONA
Nombre de persona Macleod, Henry Dunning-
Subdivisión general Crítica e interpretación.
9 (RLIN) 129298
650 07 - PUNTO DE ACCESO ADICIONAL DE MATERIA--TÉRMINO DE MATERIA
Término de materia o nombre geográfico como elemento de entrada Economía
Fuente del encabezamiento o término embne
9 (RLIN) 12006
752 ## - ENTRADA AGREGADA--NOMBRE JERÁRQUICO DEL LUGAR
País o entidad superior Francia -
Ciudad París
852 ## - LOCALIZACIÓN
Ubicación ES-MaACL
Número de control de estantería G-12152
Nota libre -- Enc. hol.
Holdings
Estatus retirado Estado de pérdida Estado de daño No para préstamo Colección Biblioteca de origen Biblioteca actual Ubicación en estantería Fecha de adquisición Fuente de adquisición Total de préstamos Signatura topográfica completa Código de barras Visto por última vez Precio de reemplazo Tipo de ítem Koha
        Libros del s. XIX Biblioteca del Ateneo de Madrid Biblioteca del Ateneo de Madrid Sala Pecera Planta 3 17/01/2008     G-12152 1171327 23/02/2023 23/02/2023 Libro impreso antiguo